[Event "Fouesnant op 14th"]
[Site "Fouesnant"]
[Date "2008.11.01"]
[Round "9"]
[White "Roussel, Samuel"]
[Black "Berard, Martine"]
[Result "1-0"]
[WhiteElo "1160"]
[BlackElo "1040"]
[PlyCount "77"]
[EventDate "2008.10.25"]
[EventType "swiss"]
[EventRounds "9"]
[EventCountry "FRA"]
[SourceTitle "EXT 2009"]
[Source "ChessBase"]
[SourceDate "2008.11.26"]
[SourceVersion "1"]
[SourceVersionDate "2008.11.26"]
[SourceQuality "1"]

1. e4 e5 2. Nf3 Nc6 3. Bb5 Nf6 4. Nc3 Bb4 5. 0-0 0-0 6. d3 Re8 7. Nd5 a6 8. Nxf6+ Qxf6 9. Bg5 Qd6 10. Bc4 Qc5 11. h3 Nd4 12. c3 Ba5 13. b4 Qb6 14. bxa5 Qxa5 15. cxd4 exd4 16. Nxd4 Qxg5 17. Qf3 Re7 18. g3 b5 19. h4 Qc5 20. Bd5 Qxd4 21. Bxa8 d6 22. Rac1 Qa7 23. Bd5 Bh3 24. Rfd1 h6 25. Kh2 Bd7 26. Rd2 Be8 27. Qe3 Qb8 28. Bc6 Bxc6 29. Rxc6 Qb7 30. Rdc2 Qc8 31. Qa7 Qg4 32. Qb8+ Kh7 33. Rxc7 Qd1 34. Rc1 Qxd3 35. Rxe7 Qd2 36. Qf8 Qxc1 37. Rxf7 Kg6 38. Rxg7+ Kh5 39. Qf5+ 1-0